000 00323nam a22001337a 4500
008 170922b xxu||||| |||| 00| 0 eng d
020 _a9780930323578
041 _aeng
080 _a37
100 _a46
101 _aEDU
245 _aMANUAL COMMUNICATION IMPLICATION FOR EDUCATION
_cBORNSTEIN.H
942 _2udc
_cBK
999 _c29225
_d29225